Estatísticas para Países que falam português

Clique aqui para jogar o quiz

Estatísticas Gerais

  • Esse quiz foi jogado 116 vezes
  • A pontuação média é 7 de 9

Estatísticas das Respostas

País% Correto
Brasil
100%
Angola
96%
Portugal
95%
Moçambique
88%
Timor-Leste
74%
Cabo Verde
73%
Guiné-Bissau
73%
Guiné Equatorial
68%
São Tomé e Príncipe
59%

Distribuição das Pontuações

Percentil de Números Respondidos

Porcentagem de Pessoas com Cada Pontuação

Sua Pontuação Histórica

Você não jogou esse quiz